Countries By Code #1 - Statistics

General Stats
  • This quiz has been taken 14 times
  • The average score is 22 of 24
Answer Stats
Hint Answer % Correct
1, 12, 2, 1, 14, 9, 1 Albania
100%
2, 15, 20, 19, 23, 1, 14, 1 Botswana
92%
3, 18, 15, 1, 20, 9, 1 Croatia
92%
4, 5, 14, 13, 1, 18, 11 Denmark
92%
5, 19, 20, 15, 14, 9, 1 Estonia
92%
6, 9, 10, 9 Fiji
92%
7, 18, 5, 14, 1, 4, 1 Grenada
92%
8, 15, 14, 4, 21, 18, 1, 19 Honduras
92%
13, 15, 14, 20, 5, 14, 5, 7, 18, 15 Montenegro
92%
14, 15, 18, 20, 8 / 13, 1, 3, 5, 4, 15, 14, 9, 1 North Macedonia
92%
15, 13, 1, 14 Oman
92%
16, 1, 11, 8, 19, 20, 1, 14 Pakistan
92%
17, 1, 20, 1, 18 Qatar
92%
18, 23, 1, 14, 4, 1 Rwanda
92%
19, 15, 13, 1, 12, 8, 1 Somalia
92%
22, 1, 20, 9, 3, 1, 14 / 3, 9, 20, 25 Vatican City
92%
25, 5, 13, 5, 14 Yemen
92%
26, 1, 13, 2, 9, 1 Zambia
92%
9, 14, 4, 15, 14, 5, 19, 9, 1 Indonesia
85%
10, 15, 18, 4, 1, 14 Jordan
85%
11, 25, 18, 7, 25, 26, 19, 20, 1, 14 Kyrgyzstan
85%
12, 9, 2, 5, 18, 9, 1 Liberia
85%
20, 21, 18, 11, 5, 25 Turkey
85%
21, 7, 1, 14, 4, 1 Uganda
85%
No matching quizzes found
Score Distribution
Percent of People with Each Score
Percentile by Number Answered
Your Score History
You have not taken this quiz